| 000 | 00620nam a2200205 u 4500 | ||
|---|---|---|---|
| 005 | 20210223132109.0 | ||
| 008 | 130617s2006 es r 000 0 spa d | ||
| 020 | _a8496525953 | ||
| 035 | _aUPN01000191589 | ||
| 049 | _aCG | ||
| 050 | 4 |
_aBX4700 F8 _bV5.2 |
|
| 100 | 1 |
_aVilaró Giralt, Ramón, _d1945- _934367 |
|
| 245 | 1 | 0 |
_aDainichi : _bla epopeya de Francisco Javier en Japón / _cRamon Vilaró. |
| 260 |
_aBarcelona, Esp. : _bEntreLibros, _c2006. |
||
| 300 | _a349 p. | ||
| 440 | 0 |
_aPuzzle. _pNovela inédita ; _v95 |
|
| 600 | 0 | 4 |
_aFRANCISCO JAVIER, _cSAN, _d1506-1552 _922487 |
| 905 | _aLibro | ||
| 999 |
_c163692 _d163692 |
||